000 00553nam a2200145 a 4500
008 120416s1987 ||||||||||||||||| || u
050 _aHG 3821 Oxe
100 _aOxelheim, Lars
245 1 0 _aMacroeconomic uncertainty
246 _ainternational risks and opportunities for the corporation
260 _aChichester
_bJohn Wiley and Sons
_c1987
300 _axv, 251p. : ill.
350 _a0.00
995 _D0.00
_FCBU-MAIN LIBRARY (Kitwe)
_H1
_I0.00
_M1
_UAVAILABLE
_ZMain Library Open Access Collection
999 _c49627
_d49627